| 000 | 00000nam##2200000za#4500 |
| 001 | 9.666541 |
| 003 | CaOODSP |
| 005 | 20210615122927 |
| 007 | ta |
| 008 | 150407|2005||||xxc||||| f|0| 0 eng|d |
| 020 | |a0-662-69061-3 |
| 040 | |aCaOODSP|beng |
| 041 | |aeng |
| 041 | |afre |
| 043 | |an-cn--- |
| 086 | 1 |aV32-151/2005 |
| 110 | 1 |aCanada. |bVeterans Affairs Canada. |
| 245 | 14|aThe Canadian Forces in the Balkans |
| 260 | |aCharlottetown - Prince Edward Island : |bVeterans Affairs Canada |c2005. |
| 300 | |a1 folded sheet ([3p.]) : |billus., references ; |c28 cm. |
| 500 | |aAt head of title: Canada Remembers. |
| 563 | |aPamphlet |
| 590 | |a06-14|b2006-04-07 |
| 690 | 07|aVeterans|2gcpds |
| 776 | 0#|tLe Canada se souvient - les Forces canadiennes dans les Balkans |w(CaOODSP)9.643942 |
| 776 | 0#|tCanada remembers - the Canadian Forces in the Balkans |w(CaOODSP)9.700027 |
| 792 | |tLes Forces canadiennes dans les Balkans |efre|w(CaOODSP)9.666542 |